Les arbres d'Amérique du nord - Statistiques

Statistiques générales
  • Ce quiz a été pris 15 fois
  • Le résultat moyen est 2 sur 15
Statistiques - réponses
Hint Réponse % Correct
C Le chêne rouge
83%
S Le séquoia géant
17%
T Le tulipier de Virginie
17%
C Le cyprès chauve
8%
C Le cyprès de l'Arizona
8%
L Le liquidambar
8%
M Le magnolia à grandes fleurs
8%
T Le thuya
8%
A L'araucaria
0%
C Le calocèdre
0%
C Le catalpa
0%
C Le chicot du Canada
0%
R Le robinier
0%
S Le séquoia toujours vert
0%
O L'oranger des Osages
0%
Aucun quiz correspondant
Distribution des résultats
% des personnes avec chaque résultat
Percentile par nombre de réponses
Votre historique - résultats
Vous n’avez pas pris ce quiz